| 000 | 00363nam a2200121 4500 | ||
|---|---|---|---|
| 008 | 180220b xxu||||| |||| 00| 0 eng d | ||
| 100 |
_926684 _aArado, Jennie P. |
||
| 245 |
_aIncentives for ecozone investors mulled/ _cJennie P. Arado |
||
| 260 |
_aDavao City _bSun Star Davao _cc2017 |
||
| 300 | _apage 7. | ||
| 650 | 0 |
_926685 _aEconomic conditions. |
|
| 942 |
_2ddc _cPER |
||
| 999 |
_c8767 _d8767 |
||